Central Library OPAC University of Rajshahi

Agee on film ; (Record no. 16268)

MARC details
000 -LEADER
fixed length control field 00655nam a22002293a 4500
001 - CONTROL NUMBER
control field 16268
003 - CONTROL NUMBER IDENTIFIER
rucl marc code BD-RjUL
005 - DATE AND TIME OF LATEST TRANSACTION
control field 20211209000004.0
008 - FIXED-LENGTH DATA ELEMENTS--GENERAL INFORMATION
fixed length control field 140213r19671963enk 000 0 eng d
035 ## - SYSTEM CONTROL NUMBER
System control number (BD-RjUL)16323
040 ## - CATALOGING SOURCE
Original cataloging agency EQO
Transcribing agency EQO
Language of cataloging eng
Modifying agency BD-RjUL
041 ## - LANGUAGE CODE
Language code of text/sound track or separate title eng
082 ## - DEWEY DECIMAL CLASSIFICATION NUMBER
Classification number 791.4
Author mark and year AGA 1967
100 1# - MAIN ENTRY--PERSONAL NAME
Personal name Agee, James,
Dates associated with a name 1909-1955.
9 (RLIN) 50309
245 10 - TITLE STATEMENT
Title Agee on film ;
Remainder of title reviews and comments /
250 ## - EDITION STATEMENT
Edition statement British Commonealth ed. 1963
260 ## - PUBLICATION, DISTRIBUTION, ETC. (IMPRINT)
Place of publication, distribution, etc. London :
Name of publisher, distributor, etc. Peter Owen,
Date of publication, distribution, etc. 1963
-- [Imperession 1967]
300 ## - PHYSICAL DESCRIPTION
Pagination V.:
Illustrations ills. ;
Size 23 cm
505 0# - FORMATTED CONTENTS NOTE
Formatted contents note v.1. Reviews and comments--
650 ## - SUBJECT ADDED ENTRY--TOPICAL TERM
Topical term or geographic name as entry element Motion pictures.
9 (RLIN) 130008
942 ## - ADDED ENTRY ELEMENTS (KOHA)
Source of classification or shelving scheme Dewey Decimal Classification
Koha item type Books
Holdings
Lost status Source of classification or shelving scheme Damaged status Not for loan Collection code Permanent Location Current Location Shelving location Date acquired Source of acquisition Cost, normal purchase price Total Checkouts Full call number Date last seen Copy number Koha item type
  Dewey Decimal Classification     Non-fiction Central Library, University of Rajshahi Central Library, University of Rajshahi   11/06/1976 Book Center 115.50   791.4 AGA V-1 1967 13/02/2014 C-2 Books
  Dewey Decimal Classification     Non-fiction Central Library, University of Rajshahi Central Library, University of Rajshahi   11/06/1973 Dhaka book centre 115.50   791.4 AGA V-1 1967 11/06/2016 C-1 Books